000 00893nam a2200313 a 4500
003 AR-BaBNM
005 20251128205150.0
008 082120s2002 ||||||||||||||000 | spa||
020 _a0-326-6060
040 _cAR-BaBNM
100 1 _aFernández, Mónica
245 0 0 _aCuadernos de historia regional
_n11
260 _aBuenos Aires
_bEudeba
_c1988
300 _a96 p.
_bmapas, tablas, gráfs.
500 _aActualización de publicaciones
500 _aDocumentos
504 _aBibliografía en cada artículo
650 4 _aHISTORIA ECONOMICA
650 4 _aHISTORIA SOCIAL
650 4 _aHISTORIA GANADERA
650 4 _aHISTORIA AGROPECUARIA
650 4 _aHISTORIA PATAGONICA
650 4 _aGEOGRAFIA HISTORICA
700 1 _aIglesias de Cuello, Alicia N.
700 1 _aPiccinini, Daniel E.
710 2 _aUniversidad Nacional de Luján
942 _cBK
998 _cmariana
999 _c10257
_d10257